Loading...
Fine Arts - Classical Music | 0 | 2 | 0 | 1 | 20 | 95 | 101.50 | 0 | 0 |
Religion | 0 | 2 | 0 | 0 | 20 | 58 | 83.00 | 0 | 0 |
Science - Other Science | 0 | 2 | 0 | 0 | 20 | 54 | 65.50 | 0 | 1 |
Literature - World Literature | 0 | 1 | 0 | 0 | 10 | 93 | 93.00 | 0 | 0 |
Philosophy | 0 | 1 | 0 | 1 | 10 | 87 | 87.00 | 0 | 1 |
Social Science | 0 | 1 | 0 | 0 | 10 | 97 | 97.00 | 0 | 0 |
Fine Arts - Other Fine Arts | 0 | 1 | 0 | 0 | 10 | 74 | 74.00 | 0 | 0 |
History - World History | 0 | 1 | 0 | 0 | 10 | 52 | 52.00 | 0 | 0 |
Science - Biology | 0 | 1 | 0 | 0 | 10 | 32 | 32.00 | 0 | 1 |
Science - Chemistry | 0 | 1 | 1 | 0 | 5 | 104 | 104.00 | 0 | 0 |
Painting/Sculpture | 0 | 1 | 1 | 0 | 5 | 93 | 93.00 | 0 | 0 |
History - American History | 0 | 0 | 1 | 0 | -5 | 0.00 | 0 | 0 | |
Literature - European Literature | 0 | 0 | 1 | 0 | -5 | 0.00 | 0 | 0 |